[Event "London Classic Open 2019"]
[Site "London ENG"]
[Date "2019.12.06"]
[Round "9.62"]
[White "Lim, Kai Jun"]
[Black "Lovell, William Pm"]
[Result "1-0"]
[WhiteElo "1356"]
[BlackElo "1843"]
[WhiteFideId "5819296"]
[BlackFideId "431060"]
[EventDate "2019.11.29"]

1. e4 c5 2. Nf3 Nc6 3. d4 cxd4 4. Nxd4 e5 5. Nb3 Nf6 6. Nc3 Bb4 7. Bd3 d5 8.
exd5 Nxd5 9. Bd2 Nxc3 10. bxc3 Be7 11. O-O O-O 12. Qe2 Qc7 13. Rfe1 Be6 14. c4
Bf6 15. Rab1 a5 16. Qe4 g6 17. Nc5 Bf5 18. Qe3 Bxd3 19. Rxb7 Qc8 20. cxd3 Nd4
21. Nd7 Bg7 22. Qe4 Nc6 23. Reb1 Rd8 24. Nc5 Rd4 25. Qf3 Nd8 26. R7b5 Bf8 27.
Ne4 f5 28. Nf6+ Kg7 29. Nd5 e4 30. Qg3 Rxd3 31. Qe5+ Kg8 32. Bc3 Nf7 33. Ne7+ 1-0

[Event "London Classic Open 2019"]
[Site "London ENG"]
[Date "2019.12.06"]
[Round "9.63"]
[White "Burke, John S"]
[Black "Saravanan, Aadarsh"]
[Result "1/2-1/2"]
[WhiteElo "1966"]
[BlackElo "1711"]
[WhiteFideId "404322"]
[BlackFideId "440078"]
[EventDate "2019.11.29"]

1. d4 Nf6 2. Bf4 g6 3. Nc3 Bg7 4. e4 d6 5. Be2 O-O 6. Nf3 c5 7. dxc5 dxc5 8. h3
Be6 9. Qxd8 Rxd8 10. Be3 b6 11. Ng5 Nc6 12. Nxe6 fxe6 13. O-O Nd4 14. Bd1 Rac8
15. Rb1 e5 16. f3 e6 17. Ne2 Nh5 18. Re1 Bf6 19. c3 Bh4 20. Bf2 Nxe2+ 21. Bxe2
Bxf2+ 22. Kxf2 Nf4 23. Rbd1 Nxe2 24. Kxe2 Kf7 25. g3 g5 26. Rh1 Rxd1 27. Rxd1
Ke7 28. Rh1 Rg8 29. g4 h5 30. h4 hxg4 31. fxg4 gxh4 32. Rxh4 Rg7 33. Kd3 b5 34.
b3 Kd6 35. Ke3 Ke7 36. Kf3 Kf6 37. Rh6+ Kf7 38. Rh5 Kf6 39. Rh8 Rd7 40. Ke2 Rg7
41. Kf3 Rd7 42. Rh6+ Kg5 43. Rxe6 Rd3+ 44. Ke2 Rxc3 45. Kd2 b4 46. Rxe5+ Kxg4
47. Re7 Kf4 48. e5 Kf5 49. e6 a5 50. Ra7 Kxe6 1/2-1/2

[Event "London Classic Open 2019"]
[Site "London ENG"]
[Date "2019.12.06"]
[Round "9.64"]
[White "Bansal, Saahil"]
[Black "Mugalu, Hassan"]
[Result "0-1"]
[WhiteElo "1751"]
[BlackElo "1836"]
[WhiteFideId "438316"]
[BlackFideId "451533"]
[EventDate "2019.11.29"]

1. d4 Nf6 2. c4 g6 3. Nc3 Bg7 4. g3 d6 5. Bg2 O-O 6. Nf3 Nbd7 7. O-O c6 8. e4 e5
9. Bg5 exd4 10. Nxd4 Qb6 11. Nb3 Ne5 12. Bxf6 Bxf6 13. Qxd6 Be6 14. Na4 Qd8 15.
Qxd8 Rfxd8 16. f4 Nxc4 17. e5 Be7 18. Nac5 Bc8 19. Rf2 Rb8 20. Rc1 Ne3 21. Bf3
b6 22. Re2 Nf5 23. Ne4 c5 24. Kf2 a5 25. g4 Nh4 26. h3 Nxf3 27. Kxf3 a4 28. Nbd2
Bb7 29. Kg3 Rd3+ 30. Nf3 Rbd8 31. Kf2 b5 32. f5 c4 33. f6 Bf8 34. Nfg5 h6 35.
Nf3 a3 36. bxa3 Rxa3 37. e6 fxe6 38. Ne5 Kh7 39. g5 Rxh3 40. gxh6 Bxh6 41. f7
Rh2+ 42. Kf1 Rxe2 43. Nf6+ Kg7 44. Kxe2 Bxc1 45. Ne8+ Kf8 46. Nf6 Ba3 47. Nh7+
Kg7 48. Ng5 Kf6 49. Nxe6 Kxe6 50. Nxg6 Kxf7 51. Ne5+ Ke6 52. Ng6 Bc1 53. a4 bxa4
54. Nh4 Be4 55. Ke1 Bg5 56. Ke2 Bxh4 57. Ke3 Bb1 58. Kf4 Rd4+ 59. Ke3 Ke5 60.
Kf3 Bg5 61. Ke2 Ke4 62. Kf2 Be3+ 63. Ke2 Bd3+ 64. Ke1 Rd8 65. Kd1 Rh8 66. Ke1
Rh1# 0-1

[Event "London Classic Open 2019"]
[Site "London ENG"]
[Date "2019.12.06"]
[Round "9.65"]
[White "Drastik, Penelope"]
[Black "Barasi, Paul Dl"]
[Result "0-1"]
[WhiteElo "1759"]
[BlackElo "1770"]
[WhiteFideId "3214850"]
[BlackFideId "432830"]
[EventDate "2019.11.29"]

1. d4 d5 2. c4 Nc6 3. Nf3 Bg4 4. Nc3 e6 5. cxd5 exd5 6. Qb3 Nge7 7. e3 Bxf3 8.
gxf3 g6 9. Qxb7 Rb8 10. Qa6 Bg7 11. Bg2 O-O 12. O-O Qd7 13. a3 Rb6 14. Qe2 Na5
15. b4 Nb7 16. Qc2 g5 17. Na4 Rh6 18. Nc5 Qd6 19. h3 Nd8 20. Bd2 Ng6 21. Qf5 Ne6
22. Nxe6 fxe6 23. Qxg5 Nh4 24. Qg3 Qe7 25. Kh1 Rg6 26. Qh2 0-1

[Event "London Classic Open 2019"]
[Site "London ENG"]
[Date "2019.12.06"]
[Round "9.66"]
[White "Chidichimo, Pedro Jose Maria"]
[Black "Kumar, Sanjit S"]
[Result "1-0"]
[WhiteElo "1831"]
[BlackElo "1469"]
[WhiteFideId "24545252"]
[BlackFideId "468142"]
[EventDate "2019.11.29"]

1. d4 d5 2. Nf3 Nf6 3. e3 e6 4. Bd3 c5 5. b3 Nc6 6. Nbd2 Be7 7. O-O O-O 8. Bb2
b6 9. a3 Bb7 10. Ne5 a6 11. Qf3 b5 12. dxc5 Bxc5 13. Qh3 d4 14. Ne4 Nxe4 15.
Bxe4 f5 16. Bxc6 Bxc6 17. Nxc6 Qc7 18. Nxd4 Bxd4 19. Bxd4 Qxc2 20. Rfc1 Qxb3 21.
Rc7 Rf7 22. Rxf7 Kxf7 23. Qxh7 Rg8 24. Rc1 Rc8 25. Qxg7+ Ke8 26. Rxc8# 1-0

[Event "London Classic Open 2019"]
[Site "London ENG"]
[Date "2019.12.06"]
[Round "9.67"]
[White "Jekel, Wolfgang"]
[Black "Tombolis, Christopher"]
[Result "0-1"]
[WhiteElo "1662"]
[BlackElo "1824"]
[WhiteFideId "4690370"]
[BlackFideId "433691"]
[EventDate "2019.11.29"]

1. f4 d5 2. Nf3 Nc6 3. d3 Bg4 4. e3 e5 5. fxe5 Nxe5 6. Be2 Bxf3 7. Bxf3 Qh4+ 8.
g3 Qh3 9. Qe2 Nxf3+ 10. Qxf3 Nf6 11. Nc3 O-O-O 12. Bd2 Bd6 13. O-O-O c6 14. Ne2
h5 15. Bc3 Qe6 16. Bxf6 gxf6 17. Rdf1 Kb8 18. Nd4 Qe5 19. Nf5 a5 20. Re1 a4 21.
a3 b5 22. d4 Qe6 23. e4 Bf8 24. Rhf1 dxe4 25. Qxe4 Qxe4 26. Rxe4 Kc7 27. c3 Rd7
28. Kc2 Rg8 29. Re8 Rd8 30. Rxd8 Kxd8 31. Kd3 Kd7 32. Rf4 Rg6 33. Ke4 Ke6 34.
Nh4 Rg5 35. Nf5 Rg8 36. Rf3 Rg6 37. Nh4 Rg4+ 38. Rf4 Bh6 39. Rxg4 hxg4 40. Ng2
f5+ 41. Kd3 Kd5 42. Nh4 f4 43. Nf5 fxg3 44. hxg3 Bg5 45. Ng7 f6 46. Nh5 f5 47.
Ng7 f4 48. gxf4 g3 49. Nf5 Bxf4 50. Nh4 Bc1 51. Kc2 Bg5 52. Ng2 Ke4 0-1

[Event "London Classic Open 2019"]
[Site "London ENG"]
[Date "2019.12.06"]
[Round "9.68"]
[White "Volovich, Julia"]
[Black "Rahman, Yad"]
[Result "1-0"]
[WhiteElo "1753"]
[BlackElo "1303"]
[WhiteFideId "447099"]
[BlackFideId "467626"]
[EventDate "2019.11.29"]

1. d4 e6 2. c4 d5 3. Nc3 Nf6 4. Bg5 Be7 5. e3 h6 6. Bh4 O-O 7. Rc1 b6 8. cxd5
exd5 9. Nf3 Bb7 10. Be2 Nbd7 11. O-O Ne4 12. Bxe7 Qxe7 13. Nd2 Ndf6 14. Bb5 Nxd2
15. Qxd2 Ne4 16. Nxe4 dxe4 17. Bc6 Bxc6 18. Rxc6 Rac8 19. Rfc1 Rfd8 20. Qc2 Rd7
21. Qa4 a5 22. Rxb6 cxb6 23. Rxc8+ Kh7 24. Qc6 Rd6 25. Qc2 Rg6 26. Rc6 Qb4 27.
h3 Qe1+ 28. Kh2 Rxc6 29. Qxc6 Qxf2 30. Qxe4+ f5 31. Qe5 a4 32. d5 Qc2 33. d6 Qc8
34. Qe7 Qb8 35. Qc7 1-0

[Event "London Classic Open 2019"]
[Site "London ENG"]
[Date "2019.12.06"]
[Round "9.69"]
[White "Haddock, Paul"]
[Black "Mohnblatt, Daniel"]
[Result "0-1"]
[WhiteElo "1481"]
[BlackElo "1688"]
[WhiteFideId "419150"]
[BlackFideId "648582"]
[EventDate "2019.11.29"]

1. e4 Nf6 2. e5 Nd5 3. d4 d6 4. Nf3 dxe5 5. Nxe5 c6 6. Bd3 Nd7 7. Nxd7 Bxd7 8.
Nd2 e6 9. Nf3 Bd6 10. c3 h6 11. Ne5 Bxe5 12. dxe5 Qc7 13. Qe2 O-O-O 14. O-O f6
15. f4 g5 16. g3 gxf4 17. Bxf4 Nxf4 18. gxf4 f5 19. Qe3 c5 20. h3 Bc6 21. Kh2
Rhg8 22. Rg1 Rxg1 23. Rxg1 Qd7 24. Bc2 Qd2+ 25. Qxd2 Rxd2+ 0-1

[Event "London Classic Open 2019"]
[Site "London ENG"]
[Date "2019.12.06"]
[Round "9.70"]
[White "Cotter, Len"]
[Black "Nergard, Ole-Kristian"]
[Result "0-1"]
[WhiteElo "1665"]
[BlackElo "1639"]
[WhiteFideId "431419"]
[BlackFideId "1543156"]
[EventDate "2019.11.29"]

1. e4 c5 2. Nf3 d6 3. d4 cxd4 4. Nxd4 Nf6 5. Nc3 g6 6. Be3 Bg7 7. f3 Nc6 8. Qd2
O-O 9. O-O-O d5 10. exd5 Nxd5 11. Nxc6 bxc6 12. Bd4 Bxd4 13. Qxd4 Qb6 14. Na4
Qb4 15. Qxb4 Nxb4 16. Bc4 Bf5 17. Bb3 c5 18. a3 c4 19. axb4 cxb3 20. cxb3 Rfc8+
21. Nc3 Rab8 22. Rd4 e5 23. Rd5 Rxb4 24. Rxe5 Rxb3 25. g4 Be6 26. Kc2 Rb4 27. h4
Rcb8 28. Rb1 Rf4 29. Rf1 Bxg4 30. Re3 Bf5+ 31. Kc1 Rxh4 32. Rfe1 Be6 33. Ne4 Rh2
34. Nd2 Rc8+ 35. Kd1 Kg7 36. b3 Rd8 37. R1e2 Rh1+ 38. Re1 Rh5 39. Kc2 Rc5+ 40.
Kb2 Rxd2+ 0-1